000 00384nam a2200145Ia 4500
008 230312s9999||||xx |||||||||||||| ||und||
020 _a9780646495637
082 _a338.470
_bHAR-T
100 _aHelmstetter,Greg
245 0 _aAffiliate selling : building revenue on the web
260 _bSwitzer
_c2008
300 _a204
650 _aComputer
_vInformation technology
942 _cBK
999 _c18306
_d18306